| Tag |
First Indicator |
Second Indicator |
Subfields |
| LEADER |
00000cam a2200000 a 4500 |
| 001 |
in00000031347 |
| 005 |
20170304063059.0 |
| 008 |
870825s1987 mdu b 00000 eng |
| 010 |
|
|
|a 87023027
|
| 020 |
|
|
|a 0819165972 (alk. paper) :
|c $24.50
|
| 020 |
|
|
|z 0819165980 (pbk. : alk. paper) :
|c $12.50
|
| 035 |
|
|
|a (OCoLC)16681218
|
| 035 |
|
|
|9 AAC0743AM
|
| 040 |
|
|
|a DLC
|c DLC
|d TXA
|d UtOrBLW
|
| 049 |
|
|
|a TXAM
|c [A11682480]
|
| 050 |
0 |
0 |
|a BM177
|b .N485 1987 vol. 2
|a BM165
|
| 082 |
0 |
|
|a 296/.09/01 s
|a 296/.09/015
|2 19
|
| 245 |
0 |
0 |
|a Religion, literature, and society in ancient Israel, formative Christianity and Judaism.
|p Ancient Israel and Christianity /
|c edited by Jacob Neusner [and others].
|
| 264 |
|
1 |
|a Lanham, MD :
|b University Press of America,
|c [1987]
|
| 264 |
|
4 |
|c ©1987
|
| 300 |
|
|
|a xi, 172 pages ;
|c 24 cm.
|
| 336 |
|
|
|a text
|b txt
|2 rdacontent
|
| 337 |
|
|
|a unmediated
|b n
|2 rdamedia
|
| 338 |
|
|
|a volume
|b nc
|2 rdacarrier
|
| 490 |
1 |
|
|a Studies in Judaism
|
| 490 |
1 |
|
|a New perspectives on ancient Judaism ;
|v v. 2
|
| 504 |
|
|
|a Bibliography: pages 171-172.
|
| 650 |
|
0 |
|a Judaism
|x History
|y To 70 A.D.
|
| 650 |
|
0 |
|a Church history
|y Primitive and early church, ca. 30-600.
|
| 700 |
1 |
|
|a Neusner, Jacob,
|d 1932-2016.
|
| 830 |
|
0 |
|a Studies in Judaism.
|
| 830 |
|
0 |
|a New perspectives on ancient Judaism ;
|v v. 2.
|
| 999 |
|
|
|a MARS
|
| 999 |
f |
f |
|s 378e4d6c-6055-3243-9902-ecf1bfe58211
|i 9444dcf9-bdfa-326e-9fae-3d84512ef928
|t 0
|
| 952 |
f |
f |
|p ric
|a Texas A&M University
|b Rellis Campus
|c Joint Library Facility
|d Remote Storage
|t 0
|e BM177.N485 1987 v.2
|h Library of Congress classification
|i unmediated -- volume
|m A14811682480
|
| 998 |
f |
f |
|a BM177.N485 1987 v.2
|t 0
|l Remote Storage
|